000 01289nam2a2200265 4500
001 RU\NLR\BIBL_A\012882252
005 20250624212349.0
035 _a(NLR Aleph) 012882252
090 _a12523810
_c12523810
100 _a20060620d1889 |||y0rusy50 ca
101 0 _arus
102 _aRU
105 _ac|||z|||000zy
200 1 _aЛитературные очерки и портреты
210 _d1889
_aБ. м.
215 _a[8], 286, [1] с., [1] л. портр.
316 _aЭкз. РНБ (шифр 130/821) с дарств. надписью Н. О. Холеву от авт.
_5NLR
461 0 _1001v19\rc\1550701
_12001#$aСочинения В. Д. Спасовича$eс портретом автора$vТ. 1
_1700#1$aСпасович$bВ. Д.$f1829-1906$gВладимир Данилович$3RU\NLR\AUTH\7783537
_93614206
_aСпасович, В. Д. (1829-1906)
_cСанкт-Петербург
_d1889
_nКнижный магазин бр. Рымович
_oс портретом автора
_tСочинения В. Д. Спасовича
_vТ. 1
702 1 _aХолев
_f1858-1899
_gНиколай Иосифович
_4570
852 _aNLR
_j18.285.2.7(1)
852 _aNLR
_j130/821(1)
942 _cBOOK
980 _aNB